Obálka
Pro půjčování e-knih musíte být přihlášeni.
Jak si půjčit online?

Pod junáckou vlajkou /

Příběh o podivných důvodech, které přivedly Mirka Trojana mezi skauty.

Uloženo v:
Série:Devadesátka, část 1
Hlavní autor: Foglar, Jaroslav, 1907-1999 (Autor)
Další autoři: Tabery, Jakub, 1974- (Autor), Ruml, Matouš, 1985- (Režisér)
Médium: E-audiokniha
Jazyk:Czech
Vydáno: Praha : Albatros, [2024]
Témata:
Příbuzné jednotky:Z cyklu:: Devadesátka
Tagy:
Žádné tagy
LEADER 04087nim a2200937 i 4500
001 313233
003 CZ PrSKC
005 20260601215738.0
007 sd fungnnmmned
008 240419t20242024xr nnnnb f n cze
015 |a cnb003602463 
024 3 |a 8594050437623 
040 |a ABA001  |b cze  |e rda 
072 7 |a 821.162.3-3  |x Česká próza  |2 Konspekt 
072 7 |a 821-93  |x Literatura pro děti a mládež (beletrie)  |2 Konspekt 
080 |a 821.162.3-31  |2 MRF 
080 |a (0:82-311.3)  |2 MRF 
080 |a (086.7.053.2)  |2 MRF 
080 |a (086.7)08  |2 MRF 
080 |a (086.76)  |2 MRF 
100 1 |a Foglar, Jaroslav,  |d 1907-1999  |7 jk01031485  |4 aut 
245 1 0 |a Pod junáckou vlajkou /  |c Foglar 
264 1 |a Praha :  |b Albatros,  |c [2024] 
264 4 |c ©2024 
300 |a 1 audiodisk (5 hod., 20 min.) ;  |c 12 cm 
306 |a 052000 
336 |a mluvené slovo  |b spw  |2 rdacontent 
337 |a audio  |b s  |2 rdamedia 
338 |a audiodisk  |b sd  |2 rdacarrier 
344 |a digital  |b optical  |2 rda 
347 |a audio soubor  |b MP3  |2 rda 
500 |a Název z disku 
500 |a Copyright Albatros Media 
500 |a Nezkrácená audiokniha ve formátu mp3 
500 |a Podle stejnojmenné knihy vydané nakladatelstvím Albatros v roce 2021 
508 |a Režie Jakub Tabery 
511 0 |a Čte Matouš Ruml 
520 2 |a Příběh o podivných důvodech, které přivedly Mirka Trojana mezi skauty.  |b Hlavním protagonistou příběhu ze skautského oddílu je Mirek, který do oddílu vstoupil jen proto, aby ukradl stan pro své kamarády. Během zkušební lhůty ale zjišťuje, jací jsou hoši ve skautském oddíle, a najednou se mu nezdá plán se stanem tak dobrý jako na začátku. 
521 8 |a Pro posluchače od 9 let 
655 7 |a české romány  |7 fd133974  |2 czenas 
655 7 |a dobrodružné romány  |7 fd132061  |2 czenas 
655 7 |a zvukové záznamy pro děti a mládež  |7 fd186726  |2 czenas 
655 7 |a audioknihy  |7 fd119452  |2 czenas 
655 7 |a kompaktní disky  |7 fd201991  |2 czenas 
700 1 |a Tabery, Jakub,  |d 1974-  |7 xx0196999  |4 drt 
700 1 |a Ruml, Matouš,  |d 1985-  |7 js20100816002  |4 nrt 
787 0 8 |i Z cyklu:  |t Devadesátka  |g 1 
900 |a ABA001  |b 18 
044 |a xr 
505 0 0 |t Osudný slib (11 min., 50 sek.) 
505 0 0 |t Náhodná pomoc (10 min., 2 sek.) 
505 0 0 |t Plnou parou vpřed (18 min., 7 sek.) 
505 0 0 |t Na rozcestí (5 min., 1 sek.) 
505 0 0 |t Před nedělí (2 min., 46 sek.) 
505 0 0 |t Hrdina zápasu (9 min., 14 sek.) 
505 0 0 |t Devadesátka pohromadě (24 min., 49 sek.) 
505 0 0 |t Starý příběh (15 min., 47 sek.) 
505 0 0 |t Po neděli (7 min., 23 sek.) 
505 0 0 |t Mirek dobývá Devadesátku (18 min., 40 sek.) 
505 0 0 |t Rány ve tmě (7 min., 38 sek.) 
505 0 0 |t Boj o zlatodoly (22 min., 17 sek.) 
505 0 0 |t Body, body, body! (12 min., 10 sek.) 
505 0 0 |t Tajná činnost (9 min., 38 sek.) 
505 0 0 |t Nepodepsaný dopis (9 min., 34 sek.) 
505 0 0 |t Proroctví se vyplňuje (8 min., 37 sek.) 
505 0 0 |t Za tajemstvím (13 min., 52 sek.) 
505 0 0 |t Tapinův pejsek (6 min., 28 sek.) 
505 0 0 |t Poslední výzvědy (4 min., 43 sek.) 
505 0 0 |t V záři svíček (19 min., 14 sek.) 
505 0 0 |t Pozdravy dávné minulosti (5 min., 37 sek.) 
505 0 0 |t Signál na planině (3 min., 45 sek.) 
505 0 0 |t Hoši, ledujeme! (9 min., 7 sek.) 
505 0 0 |t Podivně vyplněné přání (12 min., 31 sek.) 
505 0 0 |t Na výpravách (4 min., 5 sek.) 
505 0 0 |t Dobrodružství na Vydří říčce (16 min., 7 sek.) 
505 0 0 |t Tapin zasahuje (18 min., 40 sek.) 
505 0 0 |t Rozchod (7 min., 38 sek.) 
505 0 0 |t Mirek se stává Láďou (4 min., 28 sek.) 
910 |a RBIT002 
998 |d 400225  |a https://core.palmknihy.cz/api/books/400225/cover?shcg5n  |b https://core.palmknihy.cz/api/books/400225/cover/400?shcg5n  |c https://core.palmknihy.cz/api/books/400225/cover/50?shcg5n  |e 2030-01-01  |i 8594050437623  |l 19200  |q 49  |r 1  |s https://www.palmknihy.cz/kniha/400225  |t audiobook  |y 2024  |z 0 
999 |d 313231